Partizánske vatry

Bibliographic Details
Main Author: Mosorjak, Jozef, 1912-1972 (Author)
Format: Book
Language:Slovak
Ukrainian
PhysicalDescription:174 strán 21 cm
Published: Stará Ľubovňa Slovenský zväz protifašistických bojovníkov [2020]
ISBN:9788057017691
Subjects:

MARC

LEADER 00000cam a2200000 4500
001 vtls011994880
003 SK-MaSNL
005 20260301190547.0
008 220509s2020 xo grh 000 0aslo
015 |a SNBA2020/11 
020 |a 9788057017691  |q (brožované) 
035 |a urn:nbn:sk:snk-am00ge58 
035 |a urn:nbn:sk:snk-am3j6ti 
035 |a 1D70DBED-F0CA-49FE-BA0E-15300CDAE601 
040 |a SNK  |b slo  |c SNK  |e rda 
041 1 |a slo  |h ukr 
043 |a e-xo--- 
044 |a xo  |c SK 
072 7 |a 94(437.6)  |x Dejiny Slovenska  |2 konspekt 
080 |a 94(437.6)"1944"  |2 2011 
080 |a 323.25/.26:329.18  |2 2011 
080 |a 355.425.4  |2 2011 
080 |a (0:82-94)  |2 2011 
100 1 |a Mosorjak, Jozef,  |d 1912-1972  |4 aut  |9 105838 
240 1 0 |a Partizanski vatri  |l Slovensky 
245 1 0 |a Partizánske vatry  |c Jozef Mosorjak 
264 1 |a Stará Ľubovňa  |b Slovenský zväz protifašistických bojovníkov  |c [2020] 
300 |a 174 strán  |c 21 cm 
336 |a text  |b txt  |2 rdacontent 
337 |a bez média  |b n  |2 rdamedia 
338 |a zväzok  |b nc  |2 rdacarrier 
500 |a Preložené z ukrajinčiny 
500 |a Na rube titulného listu a v tiráži uvedené: Knihu Jozefa Mosorjaka Partizánske vatry vydalo: Slovenské pedagogické vydavateľstvo ukrajinskej literatúry v Prešove ako svoju 125. publikáciu, prvé vydanie. Rok vydania 1963 v ukrajinskom jazyku 
500 |a Rok vydania podľa NA ISBN 
600 1 7 |a Mosorjak, Jozef,  |d 1912-1972  |2 SAVUKMA  |9 105838 
650 0 7 |a Slovenské národné povstanie (1944)  |2 SNKPH  |9 177948 
650 0 7 |a protifašistický odboj  |2 SNKPH  |9 4751 
650 0 7 |a partizánske hnutie  |2 SNKPH  |9 28865 
650 0 7 |a Slovak uprising (1944)  |2 SNKPHeng  |9 268548 
650 0 7 |a Anti-fascist movements  |2 SNKPHeng  |9 265181 
650 0 7 |a Partisan warfare  |2 SNKPHeng  |9 338505 
655 7 |a autobiografické spomienky  |2 SNKPH  |9 70489 
655 7 |a Autobiographical reminiscences  |2 SNKPHeng  |9 302514 
919 |a 978-80-570-1769-1 
958 |a OP 
958 |a UA 
999 |c 867973  |d 869903 
952 |a SNK  |b SNK  |y PREZ  |7 0  |p 17A1444567  |o snkSC 190624  |i snk2020/18873  |8 0  |0 0  |1 0  |4 0  |d 2020-10-16  |f 1  |l 0  |r 2025-10-07 00:00:00  |w 2026-02-24 
952 |a SNK  |b SNK  |y VYP  |7 0  |p 17A1444568  |o snkSC 190624 D1  |i snk2020/18874  |8 0  |0 0  |1 0  |4 0  |d 2020-10-16  |l 0  |r 2026-02-24 05:32:55  |w 2026-02-24